书目信息 |
| 题名: |
《雷雨》的舞台艺术
|
|
| 作者: | 苏民 编 | |
| 分册: | ||
| 出版信息: | 上海 上海文艺出版社 1982 |
|
| 页数: | 477页 | |
| 开本: | 21cm | |
| 丛书名: | ||
| 单 册: | ||
| 中图分类: | J824 | |
| 科图分类: | ||
| 主题词: | 戏剧--艺术--中国 | |
| 电子资源: | ||
| ISBN: | ||
| 000 | 00517nam0 2200181 45 | |
| 001 | 0312221749 | |
| 005 | 20060602083723.34 | |
| 010 | @dCNY1.55 | |
| 100 | @a20031222d1982 km y0chiy0120 ea | |
| 101 | @achi | |
| 200 | 1 | @a《雷雨》的舞台艺术@A《Lei Yu》De Wu Tai Yi Shu@f苏民等编@FSu Min Deng Bian |
| 210 | @a上海@c上海文艺出版社@d1982 | |
| 215 | @a477页@c剧照@d21cm | |
| 606 | 0 | @a戏剧@x艺术@x中国 |
| 690 | @aJ824@v3 | |
| 701 | 0 | @a苏民@4编 |
| 801 | @aCN@bTSTCL@c20060602 | |
| 905 | @a213230@dJ824@e17@b106538@f1@b106540@f1 | |
| 《雷雨》的舞台艺术/苏民等编.-上海:上海文艺出版社,1982 |
| 477页:剧照;21cm |
| ISBN :CNY1.55 |
| ● |
| 相关链接 |
|
|
|
|
正题名:《雷雨》的舞台艺术
索取号:J824/17
 
预约/预借
| 序号 | 登录号 | 条形码 | 馆藏地/架位号 | 状态 | 备注 |
| 1 | 0106538 | 001657969 | 密集书库/ [索取号:J824/17] | 在馆 | |
| 2 | 0106539 | 202320121 | 密集书库/ [索取号:J824/17] | 在馆 | |
| 3 | 0106540 | 001222894 | 第一样本阅览室/ [索取号:J824/17] | 在馆 | |
| 4 | 0420449 | 204204495 | 密集书库/ [索取号:J824/17] | 在馆 | |
| 5 | 0420450 | 204204501 | 密集书库/ [索取号:J824/17] | 在馆 | |
| 6 | 0420451 | 204204510 | 密集书库/ [索取号:J824/17] | 在馆 |